The two goats / (Record no. 799238)

MARC details
000 -LEADER
fixed length control field 00697nam a22002297r 4500
003 - CONTROL NUMBER IDENTIFIER
control field 3228
005 - DATE AND TIME OF LATEST TRANSACTION
control field 20260601124336.0
008 - FIXED-LENGTH DATA ELEMENTS--GENERAL INFORMATION
fixed length control field 260601b sa a|||b |||| 00| 1 eng d
020 ## - INTERNATIONAL STANDARD BOOK NUMBER
International Standard Book Number 9789381607893 (paperback)
040 ## - CATALOGING SOURCE
Original cataloging agency MPL
Language of cataloging eng
Transcribing agency 3228
Description conventions Resource Description and Access
041 ## - LANGUAGE CODE
Language code of text/sound track or separate title English
082 #0 - DEWEY DECIMAL CLASSIFICATION NUMBER
Classification number EKF TWOG
245 ## - TITLE STATEMENT
Title The two goats /
Statement of responsibility, etc. retold by Sobhojit Sanyal
260 ## - PUBLICATION, DISTRIBUTION, ETC.
Place of publication, distribution, etc. India :
Name of publisher, distributor, etc. OM Books International ;
Date of publication, distribution, etc. ©2013,
-- 2019.
300 ## - PHYSICAL DESCRIPTION
Extent Unnumbered pages :
Other physical details illustrations ;
Dimensions 27 cm
490 ## - SERIES STATEMENT
Series statement Fabulous Fables
655 #0 - INDEX TERM--GENRE/FORM
9 (RLIN) 188586
Genre/form data or focus term Children's Fiction
655 #0 - INDEX TERM--GENRE/FORM
9 (RLIN) 188487
Genre/form data or focus term Animal Stories
655 #0 - INDEX TERM--GENRE/FORM
9 (RLIN) 199617
Genre/form data or focus term Fables Fiction
700 ## - ADDED ENTRY--PERSONAL NAME
9 (RLIN) 125992
Personal name Sanyal, Subhojit
Relator term narrator
942 ## - ADDED ENTRY ELEMENTS
Source of classification or shelving scheme Dewey Decimal Classification
item type Books
-- 296
-- Phillipina Naude
-- 296
-- Phillipina Naude
Holdings
Withdrawn status Lost status Source of classification or shelving scheme Damaged status Not for loan Collection code Home library Current library Shelving location Date acquired Total Checkouts Full call number Barcode Date last seen Price effective from item type Public note
    Dewey Decimal Classification     Fiction Standerton Regional Library Evander Children's Area 17.06.2026   EJF TWOG 3322803187516 17.06.2026 17.06.2026 Book  
    Dewey Decimal Classification     Fiction Standerton Regional Library Kinross Children's Area 17.06.2026   EJF TWOG 3322803187513 17.06.2026 17.06.2026 Book  
    Dewey Decimal Classification     Fiction Standerton Regional Library Lebohang Children's Area 17.06.2026   EJF TWOG 3322803187514 17.06.2026 17.06.2026 Book  
    Dewey Decimal Classification     Fiction eMalahleni Main PL (MMID-PLEM) eMalahleni Main PL (MMID-PLEM) Children's Area 01.06.2026   EKF TWOG 3228200028363 01.06.2026 01.06.2026 Books 799238
    Dewey Decimal Classification     Fiction Standerton Regional Library eMzinoni Children's Area 17.06.2026   EJF TWOG 3322803187515 17.06.2026 17.06.2026 Book